| 000 | 02012nam0a22003851 4500 | ||
|---|---|---|---|
| 001 | RU\NLR\A1SV\36278 | ||
| 005 | 20251203171251.9 | ||
| 035 | _a(NLR Aleph) 009718763 | ||
| 090 |
_a9865168 _c9865168 |
||
| 100 | _a20010614d1926 u y0rusy50 ca | ||
| 101 | 0 | _arus | |
| 102 | _aRU | ||
| 200 | 1 |
_aФинансово-налоговая работа волости _eРук. для волостных и сел. фин. работников _fСост. сотрудники НКФ РСФСР: инструктор Бюро нормализации Л.М.Даринская, консультант Общего упр. В.В.Пасынков, ст. инструктор Упр. мест. финансов Е.А.Правдолюбов, ст. инструктор Налогового упр. Н.Ф.Рождественский, инструктор Бюро нормализации О.Ф.Янкович _gПод ред. [и с предисл.] начальника Общ. упр. НКФ РСФСР В.А.Ляхова и консультанта Общ. упр. В.В.Пасынкова |
|
| 210 |
_aМ. _cФин. изд-во НКФ СССР _d1926 |
||
| 215 |
_aVI, [2], 279 с. _d24 см |
||
| 300 | _aНапеч. в Ленинграде | ||
| 320 | _aЛит. по фин.-налоговым вопр. (С.268) | ||
| 620 | _dМосква | ||
| 620 | _dСанкт-Петербург | ||
| 702 | 1 |
_aДаринская _bЛ.М. _4070 |
|
| 702 | 1 |
_aПасынков _bВ.В. _gВладимир Владимирович _4070 |
|
| 702 | 1 |
_aПравдолюбов _bЕ.А. _4070 |
|
| 702 | 1 |
_aРождественский _bН.Ф. _gНиколай Феодосьевич _4070 |
|
| 702 | 1 |
_aЯнкович _bО.Ф. _gОльга Федоровна _4070 |
|
| 702 | 1 |
_aЛяхов _bВ.А. _4070 |
|
| 801 | 0 |
_aRU _bNLR _c20010614 |
|
| 852 |
_aNLR _j20/710 |
||
| 899 | _aМГУ | ||
| 899 | _aНБ БГУЭП | ||
| 899 | _aРГБ | ||
| 899 | _aКирОУНБ | ||
| 942 | _cBOOK | ||
| 980 | _aNB | ||
| 980 | _aA1SV | ||